the story of the MacLeod Hospitall (Record no. 1)
[ view plain ]
| 000 -LEADER | |
|---|---|
| fixed length control field | 00300nam a22001217a 4500 |
| 008 - FIXED-LENGTH DATA ELEMENTS--GENERAL INFORMATION | |
| fixed length control field | 220102b |||||||| |||| 00| 0 eng d |
| 082 ## - DDC பகுப்பாக்கம் | |
| பகுப்பெண் | 800 |
| கூறு எண் - ஆசிரியர் அடையாளம் | CHE |
| DDC பதிப்பு எண் | 22 |
| 100 1# - பிரதம பதிவு--ஆசிரியர் பெயர் | |
| ஆசிரியர் பெயர் | Chelliah, J. V. |
| 245 10 - தலைப்பு விபரம் | |
| பிரதான தலைப்பு | the story of the MacLeod Hospitall |
| 260 ## - வெளியீட்டு விபரம் | |
| வெளியீட்டிடம் | Tellippalai : |
| வெளியீட்டாளர் | s.n., |
| வெளியீட்டாண்டு | 1939. |
| 300 ## - பெளதீக விபரம் | |
| நீட்சி (e.g. தொகுதிகள, பக்கங்கள் போன்றவற்றின் விபரம் ) | 111 p. : |
| 942 ## - நூல் வகை (இரவல் கட்டுப்பாடு) | |
| நூல் வகை | e-Books |
No items available.
